[Event "Tata Steel Chess 2014 GM-B"]
[Site "Wijk aan Zee NED"]
[Date "2014.01.11"]
[Round "1.1"]
[White "Goudriaan, Etienne"]
[Black "Zhao, Xue"]
[Result "0-1"]
[WhiteElo "2431"]
[BlackElo "2567"]
[PlyCount "124"]
[EventDate "2014.01.11"]
[EventType "tourn"]
[EventRounds "13"]
[EventCountry "NED"]
[EventCategory "14"]
[Source "lmi"]
[SourceDate "2014.01.11"]

1. d4 Nf6 2. c4 e6 3. Nc3 Bb4 4. Nf3 d6 5. Bg5 h6 6. Bh4 g5 7. Bg3 Ne4 8. Qc2
f5 9. e3 c5 10. Bd3 Nxg3 11. hxg3 Qf6 12. a3 Ba5 13. O-O-O Bd7 14. Nb5 Bxb5 15.
cxb5 Nd7 16. d5 exd5 17. Bxf5 Nb6 18. Rh5 Ke7 19. e4 dxe4 20. Qxe4+ Kf8 21. Be6
d5 22. Bxd5 Re8 23. Qc2 Kg7 24. Bxb7 Qf7 25. Rdh1 Qxb7 26. b4 cxb4 27. Qb2+ Kf7
28. Ne5+ Rxe5 29. Qxe5 Rc8+ 30. Kb1 Qd7 31. Qe4 bxa3 32. Qh7+ Ke8 33. Qg8+ Ke7
34. Qg7+ Kd8 35. Qxd7+ Kxd7 36. Rd1+ Ke7 37. Rxh6 Rc5 38. Rh7+ Ke6 39. Rxa7
Rxb5+ 40. Kc2 Rb2+ 41. Kd3 Rb3+ 42. Kd4 Rb4+ 43. Kd3 Nc4 44. Ra6+ Kd5 45. f4 g4
46. f5 a2 47. Kc3+ Kc5 48. Ra1 Rb5+ 49. Kd3 Rb3+ 50. Ke4 Ra3 51. Rg6 Bc3 52.
Rxa2 Rxa2 53. Rxg4 Re2+ 54. Kf3 Re1 55. Rg8 Ne5+ 56. Kf2 Re4 57. Rc8+ Kb4 58.
Rb8+ Kc4 59. Rc8+ Kd3 60. Rd8+ Bd4+ 61. Kf1 Ng4 62. Rd5 Nh2# 0-1

[Event "Tata Steel Chess 2014 GM-B"]
[Site "Wijk aan Zee NED"]
[Date "2014.01.11"]
[Round "1.3"]
[White "Van Delft, Merijn"]
[Black "Troff, Kayden W"]
[Result "0-1"]
[WhiteElo "2430"]
[BlackElo "2457"]
[PlyCount "152"]
[EventDate "2014.01.11"]
[EventType "tourn"]
[EventRounds "13"]
[EventCountry "NED"]
[EventCategory "14"]
[Source "lmi"]
[SourceDate "2014.01.11"]

1. e4 c5 2. Nf3 d6 3. Bb5+ Bd7 4. Bxd7+ Qxd7 5. O-O Nf6 6. Re1 Nc6 7. c3 e6 8.
d4 cxd4 9. cxd4 d5 10. e5 Ne4 11. Nbd2 Nxd2 12. Bxd2 Be7 13. Rc1 O-O 14. Rc3
Rfc8 15. a3 Bd8 16. h4 Ne7 17. Rd3 Qb5 18. Rb3 Qc6 19. h5 h6 20. g4 a5 21. Ree3
a4 22. Rec3 Qa6 23. Rxc8 Rxc8 24. Rc3 Rxc3 25. Bxc3 Nc6 26. Ne1 Qc4 27. Qd2 f6
28. exf6 Bxf6 29. Nc2 Qa2 30. f4 Qb1+ 31. Kg2 Kf7 32. Qd3 Ke7 33. Qe2 Kd7 34.
f5 exf5 35. gxf5 Kd8 36. Kh2 Qc1 37. Ne3 Bxd4 38. Bxd4 Nxd4 39. Qd3 Qxb2+ 40.
Kh3 Qa1 41. Kg2 Kd7 42. Nc2 Nxc2 43. Qxd5+ Kc7 44. Qc5+ Kb8 45. Qd6+ Ka7 46.
Qc5+ Ka6 47. Qxc2 Qd4 48. Qe2+ Kb6 49. Qe6+ Ka7 50. Qf7 Ka6 51. Qe6+ b6 52.
Qc8+ Kb5 53. Qe8+ Kc5 54. Qc8+ Kd6 55. Qe6+ Kc7 56. Qe7+ Kc6 57. Qe6+ Kb7 58.
Qf7+ Ka6 59. Qe6 Qb2+ 60. Kg1 Qc3 61. Qd7 b5 62. Qd6+ Kb7 63. Qd7+ Kb6 64. Qd6+
Qc6 65. Qb8+ Ka6 66. Qf8 Qf6 67. Qc8+ Kb6 68. Kf1 Qd6 69. Qe8 Qd3+ 70. Ke1 Qxf5
71. Qb8+ Kc6 72. Qa8+ Kd6 73. Qd8+ Ke5 74. Qe7+ Kf4 75. Kf2 Qc2+ 76. Kg1 Qd1+
0-1

[Event "Tata Steel Chess 2014 GM-B"]
[Site "Wijk aan Zee NED"]
[Date "2014.01.11"]
[Round "1.6"]
[White "Saric, Ivan"]
[Black "Bok, Benjamin"]
[Result "1/2-1/2"]
[WhiteElo "2637"]
[BlackElo "2560"]
[PlyCount "97"]
[EventDate "2014.01.11"]
[EventType "tourn"]
[EventRounds "13"]
[EventCountry "NED"]
[EventCategory "14"]
[Source "lmi"]
[SourceDate "2014.01.11"]

1. Nf3 Nf6 2. g3 d5 3. Bg2 c6 4. d3 Bg4 5. Nbd2 Nbd7 6. h3 Bh5 7. e4 dxe4 8.
dxe4 e5 9. O-O Bc5 10. a4 O-O 11. a5 Re8 12. Qe2 b5 13. c4 a6 14. Nb3 Bf8 15.
Rd1 Qe7 16. cxb5 axb5 17. g4 Bg6 18. Nh4 Qe6 19. Nxg6 hxg6 20. Qf3 Nc5 21. Nxc5
Bxc5 22. Be3 Nd7 23. Rd3 Bb4 24. Qd1 Nf8 25. a6 Qc8 26. a7 Ne6 27. Rc1 c5 28.
Rd5 Rxa7 29. Rxe5 Qb8 30. Rd5 Nf4 31. Bxf4 Qxf4 32. Ra1 Rxa1 33. Qxa1 Kh7 34.
Qd1 Qf6 35. Qe2 Re5 36. b3 Rxd5 37. exd5 Qa1+ 38. Qf1 Qxf1+ 39. Bxf1 c4 40.
bxc4 bxc4 41. Bxc4 g5 42. Kg2 Bd6 43. Bd3+ g6 44. Kf3 Kg7 45. Ke4 Kf6 46. f4
Bxf4 47. h4 Kg7 48. Kf3 Kh6 49. hxg5+ 1/2-1/2

[Event "Tata Steel Chess 2014 GM-B"]
[Site "Wijk aan Zee NED"]
[Date "2014.01.12"]
[Round "2.2"]
[White "Bok, Benjamin"]
[Black "Yu, Yangyi"]
[Result "1-0"]
[WhiteElo "2560"]
[BlackElo "2677"]
[PlyCount "71"]
[EventDate "2014.01.11"]
[EventType "tourn"]
[EventRounds "13"]
[EventCountry "NED"]
[EventCategory "14"]
[Source "lmi"]
[SourceDate "2014.01.11"]

1. e4 c5 2. Nf3 e6 3. d4 cxd4 4. Nxd4 a6 5. Bd3 Nf6 6. O-O d6 7. c4 Be7 8. Nc3
b6 9. f4 Bb7 10. Qe2 O-O 11. Kh1 Nbd7 12. Bd2 Qc7 13. Rae1 Rad8 14. Nf3 g6 15.
f5 Rfe8 16. fxe6 fxe6 17. Ng5 Bf8 18. Qe3 h6 19. e5 Ng4 20. Qg3 Ndxe5 21. Nf7
Rd7 22. Nxe5 Nxe5 23. Rxe5 dxe5 24. Bxh6 Rg7 25. Bxg6 Ree7 26. Qh3 Qxc4 27.
Bh7+ Kxh7 28. Bxg7+ Kxg7 29. Qg3+ Kh7 30. Rxf8 Rg7 31. Qh3+ Kg6 32. Qg3+ Kh7
33. Qh3+ Kg6 34. b3 Qd4 35. Qxe6+ Kh5 36. Qf5+ 1-0

[Event "Tata Steel Chess 2014 GM-B"]
[Site "Wijk aan Zee NED"]
[Date "2014.01.12"]
[Round "2.7"]
[White "Goudriaan, Etienne"]
[Black "Jobava, Baadur"]
[Result "0-1"]
[WhiteElo "2431"]
[BlackElo "2710"]
[PlyCount "86"]
[EventDate "2014.01.11"]
[EventType "tourn"]
[EventRounds "13"]
[EventCountry "NED"]
[EventCategory "14"]
[Source "lmi"]
[SourceDate "2014.01.11"]

1. e4 c5 2. Nf3 Nc6 3. Bb5 e5 4. O-O Bd6 5. d3 Nge7 6. Nc3 O-O 7. a4 Bc7 8. Bc4
h6 9. Nh4 Ba5 10. Qh5 Bxc3 11. bxc3 d5 12. exd5 Nxd5 13. Nf5 Bxf5 14. Qxf5 Qd6
15. Bd2 Nb6 16. Ba2 c4 17. f4 Rae8 18. fxe5 Rxe5 19. Qf2 Qg6 20. Be3 Nxa4 21.
Bd4 Nxd4 22. cxd4 Re7 23. Bxc4 Nc3 24. Rae1 Qd6 25. h3 b5 26. Bb3 Rxe1 27. Rxe1
a5 28. Re8 Qd7 29. Rxf8+ Kxf8 30. d5 Qd6 31. Kh1 a4 32. Qe1 b4 33. Bc4 a3 34.
Qe3 g5 35. Qa7 Kg7 36. Kg1 h5 37. Bb3 h4 38. Qe3 Qf4 39. Qxf4 gxf4 40. d6 Kf6
41. d7 Ke7 42. Bxf7 Ne2+ 43. Kf2 Nc1 0-1

[Event "Tata Steel Chess 2014 GM-B"]
[Site "Wijk aan Zee NED"]
[Date "2014.01.13"]
[Round "3.1"]
[White "Jobava, Baadur"]
[Black "Zhao, Xue"]
[Result "1-0"]
[WhiteElo "2710"]
[BlackElo "2567"]
[PlyCount "97"]
[EventDate "2014.01.11"]
[EventType "tourn"]
[EventRounds "13"]
[EventCountry "NED"]
[EventCategory "14"]
[Source "lmi"]
[SourceDate "2014.01.11"]

1. d4 Nf6 2. Nc3 d5 3. Bf4 a6 4. e3 e6 5. Nf3 c5 6. a3 Nc6 7. h3 b5 8. dxc5
Bxc5 9. Bd3 Bb7 10. O-O Bd6 11. Re1 O-O 12. Bxd6 Qxd6 13. e4 dxe4 14. Nxe4 Nxe4
15. Bxe4 Qe7 16. Qd2 Rfd8 17. Qf4 Na5 18. Bd3 Qf6 19. Qxf6 gxf6 20. Nd2 Rac8
21. b4 Nc4 22. Nxc4 bxc4 23. Bf1 Rd2 24. c3 Bd5 25. Re2 Rxe2 26. Bxe2 Kf8 27.
Rd1 f5 28. Rd4 Kg7 29. a4 Kf6 30. a5 h6 31. g3 Rc7 32. Kf1 Rc8 33. Ke1 Rc7 34.
Kd2 Rc8 35. Ke3 Rc7 36. Bf3 Bxf3 37. Kxf3 Rc6 38. Rd7 h5 39. Ke2 e5 40. Rb7 Ke6
41. h4 Rd6 42. Rb6 Kd5 43. Rxd6+ Kxd6 44. f3 e4 45. Ke3 Kd5 46. Kf4 f6 47. Ke3
exf3 48. Kxf3 Kd6 49. Kf4 1-0

[Event "Tata Steel Chess 2014 GM-B"]
[Site "Wijk aan Zee NED"]
[Date "2014.01.13"]
[Round "3.2"]
[White "Van Delft, Merijn"]
[Black "Goudriaan, Etienne"]
[Result "1-0"]
[WhiteElo "2430"]
[BlackElo "2431"]
[PlyCount "111"]
[EventDate "2014.01.11"]
[EventType "tourn"]
[EventRounds "13"]
[EventCountry "NED"]
[EventCategory "14"]
[Source "lmi"]
[SourceDate "2014.01.11"]

1. Nf3 c5 2. g3 d5 3. Bg2 g6 4. O-O Bg7 5. d3 Nf6 6. Nc3 O-O 7. a3 Nc6 8. Rb1
Nd4 9. Bg5 Ne6 10. Bxf6 Bxf6 11. Nd2 d4 12. Nd5 Bg7 13. c4 dxc3 14. bxc3 Rb8
15. c4 Bd7 16. Ne4 Bc6 17. e3 Re8 18. Qc2 b5 19. Nec3 Bxc3 20. Qxc3 Rc8 21. Qe5
a6 22. h4 Ng7 23. Rfc1 Nh5 24. Qc3 e6 25. Nf4 Nxf4 26. exf4 Bxg2 27. Kxg2 bxc4
28. dxc4 Qd4 29. Rb6 Red8 30. Rxa6 Qe4+ 31. Qf3 Qxf3+ 32. Kxf3 Rd3+ 33. Ke2 Rb3
34. Rc2 Kg7 35. Ra7 Kf6 36. a4 Ra3 37. Kf1 Kf5 38. Rxf7+ Ke4 39. Ke2 Ra8 40.
Rxh7 R8xa4 41. Rc7 Ra5 42. Rc6 Kf5 43. Kf1 Ra1+ 44. Kg2 Re1 45. Rc3 Re2 46. Kf3
Raa2 47. Rxc5+ Kf6 48. Re5 Rxf2+ 49. Kg4 Rfc2 50. Ree3 Rxc3 51. Rxc3 Ra6 52. c5
Rc6 53. Rc1 Kg7 54. Kf3 Kf7 55. Ke4 Kf6 56. Rc3 1-0

[Event "Tata Steel Chess 2014 GM-B"]
[Site "Wijk aan Zee NED"]
[Date "2014.01.13"]
[Round "3.5"]
[White "Saric, Ivan"]
[Black "Reinderman, Dimitri"]
[Result "1-0"]
[WhiteElo "2637"]
[BlackElo "2593"]
[PlyCount "137"]
[EventDate "2014.01.11"]
[EventType "tourn"]
[EventRounds "13"]
[EventCountry "NED"]
[EventCategory "14"]
[Source "lmi"]
[SourceDate "2014.01.11"]

1. e4 d5 2. exd5 Qxd5 3. Nc3 Qa5 4. d4 Nf6 5. Bd2 Bg4 6. f3 Bd7 7. Bc4 Qb6 8.
Nge2 e6 9. a3 Be7 10. Be3 O-O 11. Qd3 c5 12. O-O-O Rd8 13. g4 Bc6 14. g5 Nd5
15. Bxd5 Bxd5 16. Nxd5 Rxd5 17. Nc3 Rd8 18. d5 Na6 19. Qe4 Nc7 20. Rd3 f5 21.
gxf6 Bxf6 22. Na4 Qb5 23. d6 Ne8 24. Rb3 Qc6 25. Nxc5 Nxd6 26. Qxc6 bxc6 27.
Nxe6 Rdb8 28. Rd1 Nf5 29. Rxb8+ Rxb8 30. Bxa7 Rxb2 31. Bc5 Rb8 32. Bb4 Kf7 33.
Nc5 Nd4 34. Rd3 Ne2+ 35. Kd1 Nf4 36. Rd7+ Kg6 37. Rd6 Kf5 38. Nd7 Rg8 39. Rxc6
Bd4 40. Rd6 Bg1 41. h4 Bf2 42. h5 Re8 43. c4 Bg3 44. Bd2 h6 45. Bb4 Re3 46. a4
Rxf3 47. a5 Nd3 48. Rd5+ Ke4 49. Nc5+ Nxc5 50. Bxc5 Bf2 51. Kc2 Bxc5 52. Rxc5
Kd4 53. Rc6 Rh3 54. a6 Rxh5 55. Kb3 Rh1 56. Kb4 Ra1 57. Rd6+ Ke4 58. c5 h5 59.
Kb5 h4 60. c6 Rb1+ 61. Ka5 Ra1+ 62. Kb6 Rb1+ 63. Ka7 Rc1 64. Kb7 Rb1+ 65. Kc8
h3 66. Rd2 g5 67. c7 Ke3 68. Ra2 g4 69. a7 1-0

[Event "Tata Steel Chess 2014 GM-B"]
[Site "Wijk aan Zee NED"]
[Date "2014.01.14"]
[Round "4.1"]
[White "Zhao, Xue"]
[Black "Bok, Benjamin"]
[Result "1-0"]
[WhiteElo "2567"]
[BlackElo "2560"]
[PlyCount "87"]
[EventDate "2014.01.11"]
[EventType "tourn"]
[EventRounds "13"]
[EventCountry "NED"]
[EventCategory "14"]
[Source "lmi"]
[SourceDate "2014.01.11"]

1. d4 Nf6 2. c4 g6 3. Nc3 d5 4. Bf4 Bg7 5. e3 O-O 6. Rc1 Be6 7. c5 c6 8. Bd3 b6
9. b4 a5 10. a3 axb4 11. axb4 Na6 12. Bxa6 Rxa6 13. Nf3 bxc5 14. bxc5 Bg4 15.
Qd3 Qa8 16. Ne5 Bf5 17. Qd2 Nh5 18. O-O Nxf4 19. exf4 Rb8 20. Rfe1 Rb3 21. h3
Raa3 22. g4 Bc8 23. Kg2 f6 24. Nf3 Kf7 25. Re3 Qa5 26. Nxd5 Rxe3 27. Qxa5 Rxa5
28. Nxe3 Ba6 29. Kg3 e6 30. Nc4 Ra4 31. Nd6+ Ke7 32. Rb1 Ra3 33. Kg2 Be2 34.
Rb7+ Kf8 35. Ng1 Bd1 36. Rb8+ Ke7 37. Re8+ Kd7 38. Rg8 Bh6 39. g5 fxg5 40. Rh8
Bb3 41. Rxh7+ Kd8 42. Rxh6 Bd5+ 43. f3 Ra2+ 44. Kf1 1-0

[Event "Tata Steel Chess 2014 GM-B"]
[Site "Wijk aan Zee NED"]
[Date "2014.01.14"]
[Round "4.3"]
[White "Reinderman, Dimitri"]
[Black "Yu, Yangyi"]
[Result "1-0"]
[WhiteElo "2593"]
[BlackElo "2677"]
[PlyCount "167"]
[EventDate "2014.01.11"]
[EventType "tourn"]
[EventRounds "13"]
[EventCountry "NED"]
[EventCategory "14"]
[Source "lmi"]
[SourceDate "2014.01.11"]

1. e4 c5 2. Ne2 Nc6 3. Nbc3 e6 4. g3 d5 5. exd5 exd5 6. Bg2 d4 7. Nd5 Nf6 8.
Nef4 Nxd5 9. Nxd5 Bd6 10. O-O O-O 11. d3 Be6 12. Qh5 Qd7 13. Re1 Bg4 14. Qh4
Ne5 15. h3 Be6 16. Qh5 Rad8 17. Nf4 Bf5 18. b3 Rfe8 19. Bd2 b5 20. g4 Bg6 21.
Nxg6 hxg6 22. Qg5 c4 23. bxc4 bxc4 24. dxc4 Nxc4 25. Rad1 Nxd2 26. Rxe8+ Qxe8
27. Qxd2 Qe5 28. Qd3 a5 29. Qe4 Qf6 30. Qf3 Qe5 31. Qe4 Qf6 32. Qf3 Qe6 33. Qb3
Qe5 34. Qd3 a4 35. a3 g5 36. Qc4 Bxa3 37. Qxa4 Bc5 38. Qc4 g6 39. Qd3 Re8 40.
Ra1 Kg7 41. Rd1 Re6 42. Bf3 Ba7 43. Kg2 Re7 44. Qd2 Rc7 45. Re1 Qf6 46. Qe2 Rc3
47. Qe4 Bb6 48. Re2 Bc7 49. Rd2 Rc4 50. Rd1 Qd6 51. Kf1 Bb6 52. Be2 d3 53. Qxd3
Qf6 54. Qg3 Rxc2 55. Rd6 Qa1+ 56. Rd1 Qf6 57. Rd6 Qe7 58. Qd3 Rc1+ 59. Kg2 Bc5
60. Rd7 Qe8 61. Qd2 Qe4+ 62. Bf3 Qc2 63. Bd1 Qe4+ 64. Bf3 Qb1 65. Qd5 Rg1+ 66.
Kh2 Qb8+ 67. Kxg1 Qg3+ 68. Kh1 Qxh3+ 69. Kg1 Qg3+ 70. Bg2 Qxf2+ 71. Kh2 Qh4+
72. Bh3 Qf2+ 73. Qg2 Qf6 74. Qg3 Bf2 75. Qd3 Bc5 76. Bg2 Qf4+ 77. Kh3 Qe5 78.
Rd5 Qe1 79. Qg3 Qb4 80. Qe5+ f6 81. Rd7+ Kh6 82. Qxf6 Bd4 83. Rxd4 Qb8 84. Qd8
1-0

[Event "Tata Steel Chess 2014 GM-B"]
[Site "Wijk aan Zee NED"]
[Date "2014.01.14"]
[Round "4.4"]
[White "Troff, Kayden W"]
[Black "Saric, Ivan"]
[Result "0-1"]
[WhiteElo "2457"]
[BlackElo "2637"]
[PlyCount "68"]
[EventDate "2014.01.11"]
[EventType "tourn"]
[EventRounds "13"]
[EventCountry "NED"]
[EventCategory "14"]
[Source "lmi"]
[SourceDate "2014.01.11"]

1. d4 d5 2. c4 c6 3. Nf3 Nf6 4. e3 Bg4 5. h3 Bh5 6. cxd5 cxd5 7. Qb3 Qc7 8. Nc3
Bxf3 9. gxf3 e6 10. e4 Nc6 11. Bf4 Qd7 12. O-O-O Bb4 13. Rg1 Bxc3 14. bxc3 O-O
15. Bh6 Ne8 16. exd5 exd5 17. Qa3 Rc8 18. Kb2 Qe6 19. Bd2 Qf5 20. Be2 Nc7 21.
Rg5 Qf6 22. Be3 Rfe8 23. Rdg1 g6 24. Bd3 b5 25. Rf5 Qe6 26. Qc5 Kh8 27. Rfg5
Qf6 28. Ka1 b4 29. cxb4 Ne6 30. Qxd5 Nxb4 31. Qb3 Nxd4 32. Qb2 Ndc2+ 33. Bxc2
Nxc2+ 34. Kb1 Rb8 0-1

[Event "Tata Steel Chess 2014 GM-B"]
[Site "Wijk aan Zee NED"]
[Date "2014.01.14"]
[Round "4.6"]
[White "Goudriaan, Etienne"]
[Black "Wojtaszek, Radoslaw"]
[Result "0-1"]
[WhiteElo "2431"]
[BlackElo "2711"]
[PlyCount "58"]
[EventDate "2014.01.11"]
[EventType "tourn"]
[EventRounds "13"]
[EventCountry "NED"]
[EventCategory "14"]
[Source "lmi"]
[SourceDate "2014.01.11"]

1. d4 Nf6 2. c4 e6 3. Nc3 Bb4 4. e3 O-O 5. Bd3 d6 6. Nge2 c5 7. O-O Nc6 8. Na4
Qe7 9. Bc2 h6 10. Ng3 Rd8 11. b3 Ba5 12. Bb2 cxd4 13. exd4 d5 14. c5 b5 15. Nc3
b4 16. Nb1 Bc7 17. f4 Ba6 18. Rf2 g6 19. a3 Bb5 20. Qe1 a5 21. a4 Ba6 22. Nf1
h5 23. g3 Ng4 24. Rf3 Qf6 25. Qd2 e5 26. Ne3 Nxe3 27. Qxe3 Nxd4 28. Rf2 Nxc2
29. Rxc2 d4 0-1

[Event "Tata Steel Chess 2014 GM-B"]
[Site "Wijk aan Zee NED"]
[Date "2014.01.14"]
[Round "4.7"]
[White "Jobava, Baadur"]
[Black "Van Delft, Merijn"]
[Result "1-0"]
[WhiteElo "2710"]
[BlackElo "2430"]
[PlyCount "75"]
[EventDate "2014.01.11"]
[EventType "tourn"]
[EventRounds "13"]
[EventCountry "NED"]
[EventCategory "14"]
[Source "lmi"]
[SourceDate "2014.01.11"]

1. d4 d5 2. c4 c6 3. Nc3 Nf6 4. Nf3 e6 5. Bg5 h6 6. Bxf6 Qxf6 7. e3 Nd7 8. Qc2
g6 9. cxd5 exd5 10. Bd3 Bd6 11. O-O O-O 12. e4 dxe4 13. Nxe4 Qe7 14. Rae1 Nb6
15. Nc3 Qf6 16. Ne5 Bf5 17. f4 Rad8 18. Bxf5 Qxf5 19. Ne4 h5 20. Qb3 Kg7 21.
Nxd6 Rxd6 22. Qa3 Rxd4 23. Qc3 Rfd8 24. Nf3 c5 25. Rd1 Qf6 26. Nxd4 cxd4 27.
Qd3 Rd7 28. b3 a6 29. f5 g5 30. h4 g4 31. Rf4 Qxh4 32. f6+ Kh6 33. Rxd4 Rc7 34.
Rd8 g3 35. Qe3+ Kh7 36. Rh8+ Kxh8 37. Qh6+ Kg8 38. Qg7# 1-0

[Event "Tata Steel Chess 2014 GM-B"]
[Site "Wijk aan Zee NED"]
[Date "2014.01.16"]
[Round "5.1"]
[White "Van Delft, Merijn"]
[Black "Zhao, Xue"]
[Result "1/2-1/2"]
[WhiteElo "2430"]
[BlackElo "2567"]
[PlyCount "196"]
[EventDate "2014.01.11"]
[EventType "tourn"]
[EventRounds "13"]
[EventCountry "NED"]
[EventCategory "14"]
[Source "lmi"]
[SourceDate "2014.01.11"]

1. e4 c6 2. d4 d5 3. Nc3 dxe4 4. Nxe4 Nd7 5. Nf3 Ngf6 6. Nxf6+ Nxf6 7. Bc4 g6
8. O-O Bg7 9. c3 Nd5 10. Re1 O-O 11. Bg5 h6 12. Bh4 Bf6 13. Bg3 Bg4 14. h3 Bxf3
15. Qxf3 e6 16. Rad1 Bg7 17. Bb3 b5 18. Rc1 Rc8 19. Red1 Qd7 20. a3 Rfd8 21.
Ba2 a5 22. Rd3 Qa7 23. Rcd1 Rd7 24. Bb3 Ne7 25. Bf4 Qb6 26. Qe2 Nd5 27. Bg3 Kh7
28. Ba2 b4 29. axb4 axb4 30. Bc4 Qa5 31. Qf3 Kg8 32. Kh2 Qa4 33. b3 Qa5 34.
cxb4 Nxb4 35. Re3 Nd5 36. Red3 Rcd8 37. Bxd5 cxd5 38. Bf4 Rc8 39. h4 Rb7 40. h5
g5 41. Bd6 Rc2 42. b4 Qd8 43. Bc5 Qf6 44. Qxf6 Bxf6 45. R1d2 Rc4 46. g4 Bd8 47.
Kg2 Kg7 48. Re2 Bb6 49. Red2 Bxc5 50. bxc5 Rbb4 51. f3 Kf6 52. Kf2 Ra4 53. Ke3
Rcb4 54. Rd1 Rb2 55. R1d2 Rb7 56. Rc2 Ke7 57. Rcc3 Rbb4 58. Rc2 Kd7 59. Rf2 Ke7
60. f4 f6 61. fxg5 fxg5 62. Rc2 e5 63. dxe5 Ke6 64. Rcd2 Re4+ 65. Kf3 Rf4+ 66.
Ke2 Rae4+ 67. Kd1 d4 68. c6 Kxe5 69. c7 Rf1+ 70. Kc2 Rf8 71. Rf3 Rc8 72. Rf7
Rxg4 73. Re2+ Kd5 74. Ree7 Rh4 75. Rf6 Rh2+ 76. Kd3 Rxh5 77. Rb6 Rh3+ 78. Kd2
Rh2+ 79. Kd3 Rh3+ 80. Kd2 Rc3 81. Rxh6 R8xc7 82. Rxc7 Rxc7 83. Rg6 Kc4 84. Rxg5
Rh7 85. Rg3 Rh2+ 86. Kd1 Kd5 87. Rg5+ Ke4 88. Rg3 Rf2 89. Rh3 Rf3 90. Rxf3 Kxf3
91. Kd2 Kf4 92. Kd3 Ke5 93. Kd2 Ke4 94. Ke2 d3+ 95. Kd2 Kd4 96. Kd1 Kc3 97. Kc1
d2+ 98. Kd1 Kd3 1/2-1/2

[Event "Tata Steel Chess 2014 GM-B"]
[Site "Wijk aan Zee NED"]
[Date "2014.01.16"]
[Round "5.5"]
[White "Yu, Yangyi"]
[Black "Troff, Kayden W"]
[Result "1/2-1/2"]
[WhiteElo "2677"]
[BlackElo "2457"]
[PlyCount "69"]
[EventDate "2014.01.11"]
[EventType "tourn"]
[EventRounds "13"]
[EventCountry "NED"]
[EventCategory "14"]
[Source "lmi"]
[SourceDate "2014.01.11"]

1. e4 c5 2. Nf3 d6 3. d4 cxd4 4. Nxd4 Nf6 5. Nc3 a6 6. Be3 e5 7. Nb3 Be7 8. f3
Be6 9. Qd2 O-O 10. O-O-O Nbd7 11. g4 b5 12. g5 b4 13. Ne2 Ne8 14. f4 a5 15. f5
Bxb3 16. cxb3 a4 17. bxa4 Rxa4 18. Kb1 Rxa2 19. Nc1 Ra8 20. Nb3 Qc8 21. Bb5 Nc7
22. Bc4 Qb7 23. Qd3 Kh8 24. Rhg1 Qc6 25. f6 gxf6 26. gxf6 Bxf6 27. Bh6 Rfc8 28.
Rdf1 Ne6 29. Bxe6 Qa4 30. Bc4 Nb6 31. Rxf6 Nxc4 32. Bg7+ Kg8 33. Bh6+ Kh8 34.
Bg7+ Kg8 35. Bh6+ 1/2-1/2

[Event "Tata Steel Chess 2014 GM-B"]
[Site "Wijk aan Zee NED"]
[Date "2014.01.17"]
[Round "6.2"]
[White "Reinderman, Dimitri"]
[Black "Bok, Benjamin"]
[Result "1/2-1/2"]
[WhiteElo "2593"]
[BlackElo "2560"]
[PlyCount "128"]
[EventDate "2014.01.11"]
[EventType "tourn"]
[EventRounds "13"]
[EventCountry "NED"]
[EventCategory "14"]
[Source "lmi"]
[SourceDate "2014.01.11"]

1. Nf3 Nf6 2. c4 c5 3. Nc3 d5 4. cxd5 Nxd5 5. g3 Nc6 6. Bg2 Nc7 7. O-O e5 8.
Ne1 Bd7 9. Nd3 f6 10. b3 Be7 11. Bb2 O-O 12. f4 exf4 13. Nxf4 Bd6 14. e3 Qe7
15. Rc1 Rad8 16. Ne4 Bxf4 17. exf4 Bc8 18. Nxc5 Nb4 19. Nxb7 Bxb7 20. Bxb7 Nd3
21. Ba3 Qxa3 22. Rxc7 Qa5 23. Qc2 Kh8 24. Qc3 Qb6+ 25. Kh1 Rfe8 26. Bf3 Ne1 27.
Qc6 Nxf3 28. Qxb6 axb6 29. Rxf3 Rxd2 30. Re3 Red8 31. Rce7 h5 32. Re2 Kh7 33.
Kg2 Rxe2+ 34. Rxe2 Kg6 35. Kf3 Kf5 36. h3 Rd3+ 37. Re3 Rd2 38. g4+ hxg4+ 39.
hxg4+ Kg6 40. Re6 Rxa2 41. Rxb6 Rb2 42. b4 Kf7 43. f5 Kg8 44. Rb7 Rb1 45. b5
Rb4 46. b6 Kh7 47. Rb8 g6 48. fxg6+ Kg7 49. Ke3 Rxg4 50. Kd3 Rb4 51. Kc3 Rb1
52. Kd4 Kxg6 53. Kc5 f5 54. Rf8 Kg5 55. Kc6 f4 56. b7 Kg4 57. b8=Q Rxb8 58.
Rxb8 f3 59. Kd5 f2 60. Rf8 Kg3 61. Ke4 Kg2 62. Rg8+ Kh2 63. Rf8 Kg2 64. Rxf2+
Kxf2 1/2-1/2

[Event "Tata Steel Chess 2014 GM-B"]
[Site "Wijk aan Zee NED"]
[Date "2014.01.17"]
[Round "6.5"]
[White "Goudriaan, Etienne"]
[Black "Saric, Ivan"]
[Result "0-1"]
[WhiteElo "2431"]
[BlackElo "2637"]
[PlyCount "96"]
[EventDate "2014.01.11"]
[EventType "tourn"]
[EventRounds "13"]
[EventCountry "NED"]
[EventCategory "14"]
[Source "lmi"]
[SourceDate "2014.01.11"]

1. d4 Nf6 2. c4 g6 3. Nc3 Bg7 4. e4 d6 5. Nf3 O-O 6. Be2 c6 7. O-O Na6 8. Qc2
Qe8 9. h3 e5 10. Rd1 exd4 11. Rxd4 Nc5 12. Bf4 Ne6 13. Bxd6 Nxd4 14. Nxd4 Nxe4
15. Nxe4 Bxd4 16. Rd1 Be5 17. Bxf8 Qxf8 18. Qd2 Be6 19. Ng5 Re8 20. Nxe6 Rxe6
21. Qa5 Bxb2 22. Bg4 Re8 23. g3 h5 24. Bf3 Qa3 25. Qxa3 Bxa3 26. Kf1 Re7 27.
Re1 Rc7 28. Be4 Kg7 29. g4 h4 30. Re3 Bc5 31. Rb3 Re7 32. Bc2 Kf6 33. Rf3+ Ke5
34. Ke2 Kd4+ 35. Re3 Rxe3+ 36. fxe3+ Kc3 37. Bb3 g5 38. e4 f6 39. Kf3 Kd3 40.
Bd1 Kxc4 41. Bb3+ Kd4 42. Be6 Ba3 43. Bc8 b6 44. Ke2 Kxe4 45. Bb7 Kf4 46. Bxc6
Kg3 47. Bd7 Kxh3 48. Kf1 Bc5 0-1

[Event "Tata Steel Chess 2014 GM-B"]
[Site "Wijk aan Zee NED"]
[Date "2014.01.18"]
[Round "7.3"]
[White "Saric, Ivan"]
[Black "Jobava, Baadur"]
[Result "1/2-1/2"]
[WhiteElo "2637"]
[BlackElo "2710"]
[PlyCount "99"]
[EventDate "2014.01.11"]
[EventType "tourn"]
[EventRounds "13"]
[EventCountry "NED"]
[EventCategory "14"]
[Source "lmi"]
[SourceDate "2014.01.11"]

1. e4 e6 2. d4 d5 3. Nc3 Nc6 4. e5 Nge7 5. Nf3 Nf5 6. h4 h5 7. Bg5 Be7 8. Qd2
b6 9. O-O-O Bb7 10. g3 Qd7 11. Bh3 g6 12. Bxf5 gxf5 13. Ne2 Ba6 14. Nf4 O-O-O
15. Kb1 Na5 16. b3 Kb7 17. Bf6 Bxf6 18. exf6 Rdf8 19. Ne5 Qd8 20. Qe3 Kc8 21.
Qf3 Qxf6 22. Nxh5 Qe7 23. Nf4 Kb8 24. h5 Bb5 25. Qe3 Be8 26. f3 Qa3 27. g4 fxg4
28. fxg4 Rfg8 29. Rhg1 Nc4 30. Nxc4 dxc4 31. g5 Kb7 32. d5 exd5 33. Nxd5 Bc6
34. Nf6 Rd8 35. Rxd8 Rxd8 36. g6 fxg6 37. hxg6 cxb3 38. axb3 Qf8 39. Qg5 Qg7
40. Nh5 Qd4 41. Nf6 a5 42. g7 a4 43. g8=Q Rxg8 44. Nxg8 axb3 45. cxb3 Be4+ 46.
Ka2 Bd5 47. Rg3 Bxg8 48. Qxg8 Qd2+ 49. Ka3 Qa5+ 50. Kb2 1/2-1/2

[Event "Tata Steel Chess 2014 GM-B"]
[Site "Wijk aan Zee NED"]
[Date "2014.01.18"]
[Round "7.4"]
[White "Yu, Yangyi"]
[Black "Goudriaan, Etienne"]
[Result "1-0"]
[WhiteElo "2677"]
[BlackElo "2431"]
[PlyCount "129"]
[EventDate "2014.01.11"]
[EventType "tourn"]
[EventRounds "13"]
[EventCountry "NED"]
[EventCategory "14"]
[Source "lmi"]
[SourceDate "2014.01.11"]

1. e4 c5 2. Nf3 d6 3. d4 cxd4 4. Nxd4 Nf6 5. Nc3 a6 6. Bg5 Nbd7 7. Qe2 h6 8.
Bh4 b5 9. Nd5 Nxd5 10. exd5 Nb6 11. O-O-O Qc7 12. Bg3 g6 13. Nc6 Bb7 14. Qe3
Rc8 15. c3 Bxc6 16. dxc6 e6 17. Be2 Qxc6 18. Qd4 Rg8 19. Bxd6 Rd8 20. Bf3 Qxd6
21. Bc6+ Nd7 22. Qxd6 Bxd6 23. Rxd6 Ke7 24. Rxd7+ Rxd7 25. Bxd7 Kxd7 26. Rd1+
Kc6 27. Kc2 h5 28. c4 Rb8 29. Kc3 bxc4 30. Rd4 Rb5 31. Rf4 Rb7 32. Rxc4+ Kd5
33. b4 e5 34. Rc5+ Kd6 35. Kc4 Rb8 36. a4 Ra8 37. h4 f6 38. Rd5+ Ke6 39. Rc5
Kd6 40. a5 g5 41. b5 axb5+ 42. Rxb5 Rc8+ 43. Kd3 gxh4 44. a6 Kc6 45. Rb2 f5 46.
Rc2+ Kd7 47. Ra2 Kc6 48. Kc4 Kb6+ 49. Kd5 Ka7 50. Kxe5 Rf8 51. f4 Rf7 52. Ke6
Rf8 53. Ke7 Rg8 54. Kf6 Rf8+ 55. Kg6 Rg8+ 56. Kxf5 Rg3 57. Kf6 h3 58. gxh3 Rxh3
59. Kg5 Rh1 60. f5 h4 61. Rf2 h3 62. Kh4 Kxa6 63. f6 h2 64. Kh3 Rg1 65. Kxh2
1-0